000 00591nam a2200217Ia 4500
003 OSt
005 20220926043139.0
006 a|||||r|||| 00| 0
007 ta
008 220923b |||||||| |||| 00| 0 eng d
037 _cGeneral Book
040 _aRTL
_cRTL
_beng
041 _2eng
_aeng
082 _aY31:6.74.N6, K4
100 _aLewis Oscar
_996040
245 0 _aPedro martinez
_b A Mexican peasant and his family
260 _c1964
650 _aRural Social Change
_9232348
942 _hY31:6.74.N6, K4
_cGB
_2CC
999 _c671559
_d671559